书目信息 |
| 题名: |
单片机实用教程
|
|
| 作者: | 刘源 , 李静东 , 李勋 编著 | |
| 分册: | ||
| 出版信息: | 北京 北京航空航天大学出版社 2006.05 |
|
| 页数: | 327页 | |
| 开本: | 26cm | |
| 丛书名: | ||
| 单 册: | ||
| 中图分类: | TP368.1 | |
| 科图分类: | ||
| 主题词: | 单片微型计算机--dan pian wei xing ji suan ji--高等学校--教材 | |
| 电子资源: | ||
| ISBN: | 7-81077-621-5 | |
| 000 | 01007nam0 2200265 450 | |
| 001 | 012006296693 | |
| 005 | 20061127111032.81 | |
| 010 | @a7-81077-621-5@dCNY28.00 | |
| 100 | @a20061008d2006 km y0chiy0120 ea | |
| 101 | 0 | @achi |
| 102 | @aCN@b110000 | |
| 105 | @aa z 000yy | |
| 200 | 1 | @a单片机实用教程@Adan pian ji shi yong jiao cheng@f李勋, 刘源, 李静东等编著@Fli xun,liu yuan,li jing dong deng bian zhu |
| 205 | @a第2版 | |
| 210 | @a北京@c北京航空航天大学出版社@d2006.05 | |
| 215 | @a327页@c图@d26cm | |
| 300 | @a高校计算机规划系列教材 | |
| 330 | @a本书全面系统地讲解了MCS-51系列单片机的硬件组成、运作原理、指令集、软硬件应用技术以及系统设计等基础知识,重点阐述了CHMOS单片机的特点、新增硬件资源的组成原理和应用技巧等内容。 | |
| 606 | 0 | @a单片微型计算机@Adan pian wei xing ji suan ji@x高等学校@j教材 |
| 690 | @aTP368.1@v4 | |
| 701 | 0 | @a刘源@Aliu yuan@4编著 |
| 701 | 0 | @a李静东@Ali jing dong@4编著 |
| 701 | 0 | @a李勋@Ali xun@4编著 |
| 801 | 0 | @aCN@c20061127 |
| 905 | @a10447@dTP368.1@eL305 | |
| 单片机实用教程/李勋, 刘源, 李静东等编著.-第2版.-北京:北京航空航天大学出版社,2006.05 |
| 327页:图;26cm |
| 高校计算机规划系列教材 |
| ISBN 7-81077-621-5:CNY28.00 |
| 本书全面系统地讲解了MCS-51系列单片机的硬件组成、运作原理、指令集、软硬件应用技术以及系统设计等基础知识,重点阐述了CHMOS单片机的特点、新增硬件资源的组成原理和应用技巧等内容。 |
| ● |
| 相关链接 |
|
|
|
正题名:单片机实用教程
索取号:TP368.1/L305
 
预约/预借
| 序号 | 登录号 | 条形码 | 馆藏地/架位号 | 状态 | 备注 |
| 1 | 222709 | 202227090 | 自科库301/301自科库 88排2列1层/ [索取号:TP368.1/L305] | 在馆 | |
| 2 | 222710 | 202227107 | 自科库301/301自科库 62排7列3层/ [索取号:TP368.1/L305] | 在馆 | |
| 3 | 222711 | 202227116 | 自科库301/301自科库 62排7列3层/ [索取号:TP368.1/L305] | 在馆 |